| 000 | 00608nam a2200181 a 4500 | ||
|---|---|---|---|
| 001 | 000040856 | ||
| 005 | 20201002034430.0 | ||
| 008 | 130909s2011 pr 000 0 spa d | ||
| 020 | _a9780865816596 | ||
| 040 |
_aDO-SdBNP _bspa _cBNPHU |
||
| 100 | 1 |
_aVera Santiago, Nelson _967278 |
|
| 245 | 1 | 0 |
_aFicciología / _cNelson Vera Santiago. |
| 260 |
_aPuerto Rico : _bInstituto de Cultura Puertorriqueña, _c2011. |
||
| 300 |
_a115 p. ; _c24 cm. |
||
| 490 | 1 | _aPremios de literatura 2010 | |
| 500 | _aIncluye datos biográficos del autor en la solapa de la cubierta | ||
| 830 | 0 |
_aPremios de literatura 2010 _967279 |
|
| 999 |
_c40346 _d40346 |
||